000 00849nam a2200205Ia 4500
003 GCL
008 140319s9999 xx 000 0 ara d
040 _aGCL /
_cGCL
082 0 4 _a910.3
_bب م
100 1 _aعلى محمد البجاوى
245 1 0 _aمراصد الاطلاع على اسماء الامكنة والبقاع :
_bوهو مختصر معجم البلدان لياقوت /
_cعلى محمد البجاوى
700 1 _aابن عبدالحق: صفى الدين ابو الفضائل عبدالمؤمن بن عبدالحق بن عبدالله الحنبلى
260 _aبيروت :
_bدار الجيل ،
_c1992
300 _a3 مج ؛
_c24 سم
650 0 4 _aتقاويم البلدان
650 0 4 _aالاسماء الجغرافية
650 0 4 _aمعجم البلدان
650 0 4 _aالبلدان
942 _2ddc
_cBK
999 _c42172
_d42172